Spike Lee Actors - Sudden Death - Statistics

General Stats
  • This quiz has been taken 57 times
  • The average score is 6 of 16
Answers on the Grid
Answers color-coded by a green-red scale on the quiz's grid according to % correct below.
Denzel Washington
Dolph Lundgren
Jodie Foster
Bai Ling
Danny Trejo
Adrien Brody
Laurence Fishburne
Samuel L. Jackson
John Boyega
Adam Sandler
Matt Dillon
John David Washington
Paul Rudd
Wesley Snipes
Willem Dafoe
Carrie Fisher
Halle Berry
Queen Latifah
Steven Yeun
Chadwick Boseman
Isiah Whitlock Jr.
Daniel Baldwin
Philip Seymour Hoffman
Rosario Dawson
Danai Gurira
Terrence Howard
Woody Harrelson
Steve Carell
Octavia Spencer
Nick Offerman
 
Answer Stats
Answer % Correct
Denzel Washington
91%
Samuel L. Jackson
78%
Wesley Snipes
65%
Chadwick Boseman
43%
Laurence Fishburne
43%
Jodie Foster
39%
John David Washington
39%
Queen Latifah
35%
Rosario Dawson
35%
Halle Berry
30%
Isiah Whitlock Jr.
26%
Willem Dafoe
26%
Woody Harrelson
22%
Adrien Brody
17%
Bai Ling
13%
Philip Seymour Hoffman
13%
No matching quizzes found
Score Distribution
Percent of People with Each Score
Percentile by Number Answered
Your Score History
You have not taken this quiz